El crecimiento desigual en Centroamérica 1950-2000

Gespeichert in:
Bibliographische Detailangaben
1. Verfasser: Mayorga Quirós, Román
Format: Text
Veröffentlicht: México D.F.: El Colegio de México
Tags: Tag hinzufügen
Keine Tags, Fügen Sie den ersten Tag hinzu!

MARC

LEADER 00000 a a2200000 04500
001 24648
003
040
020 |a 968-12-0238-4  
090 |a 169800  
100 |a Mayorga Quirós, Román  
245 |a El crecimiento desigual en Centroamérica 1950-2000  
260 |a México D.F.:   |b El Colegio de México  
300 |a 125 p.   |b **no definido**  
999 |c 16973  |d 16973